Emotional Intelligence Activity Book (Record no. 2681)

MARC details
000 -LEADER
fixed length control field 00436nam a2200157Ia 4500
008 - FIXED-LENGTH DATA ELEMENTS--GENERAL INFORMATION
fixed length control field 230312s9999||||xx |||||||||||||| ||und||
020 ## - INTERNATIONAL STANDARD BOOK NUMBER
International Standard Book Number 0-8144-7123-4
082 ## - DEWEY DECIMAL CLASSIFICATION NUMBER
Classification number 152.4076
Item number LYN-E
100 ## - MAIN ENTRY--PERSONAL NAME
Personal name Lynn, Adele B.
245 #0 - TITLE STATEMENT
Title Emotional Intelligence Activity Book
260 ## - PUBLICATION, DISTRIBUTION, ETC.
Name of publisher, distributor, etc. AMACOM
Place of publication, distribution, etc. New York
Date of publication, distribution, etc. 2002
300 ## - PHYSICAL DESCRIPTION
Extent 278
546 ## - LANGUAGE NOTE
Language note Eng.
650 ## - SUBJECT ADDED ENTRY--TOPICAL TERM
Topical term or geographic name entry element Management
Form subdivision Champion or Chump , Importance Meter , Ask For Feedback
942 ## - ADDED ENTRY ELEMENTS (KOHA)
Koha item type BOOK
Holdings
Withdrawn status Lost status Source of classification or shelving scheme Damaged status Not for loan Home library Current library Date acquired Total Checkouts Full call number Barcode Date last seen Price effective from Koha item type
    Dewey Decimal Classification     Superior Information Resource Center (SIRC) Superior University- Central Library Superior Information Resource Center (SIRC) Superior University- Central Library 03/13/2023   152.4076 LYN-E 2694 03/13/2023 03/13/2023 BOOK

Powered by Koha